Театральная улица (Запись № 1442244)

Подробности
000 -МАРКЕР
контрольное поле 01463nam0a2200337 4500
001 - ИДЕНТИФИКАТОР ЗАПИСИ
контрольное поле RU\NLR\bibl\553774
005 - ИДЕНТИФИКАТОР ВЕРСИИ
контрольное поле 20260406041005.0
010 ## - МЕЖДУНАРОДНЫЙ СТАНДАРТНЫЙ НОМЕР КНИГИ (ISBN)
Номер (ISBN) 5-9524-1053-7
Тираж 6000
021 ## - НОМЕР ГОСУДАРСТВЕННОЙ РЕГИСТРАЦИИ
Код страны российская федерация
Номер 2004-47997
Номер Листа государственной регистраци 2366
035 ## - ДРУГИЕ СИСТЕМНЫЕ НОМЕРА
Идентификатор записи (NLR Aleph) 000545932
100 ## - ДАННЫЕ ОБЩЕЙ ОБРАБОТКИ
Данные общей обработки 20040917d2004 |||y0rusy50 ca
101 1# - ЯЗЫК РЕСУРСА
Язык текста, звукозаписи и т.д. русский
Язык оригинала английский
102 ## - СТРАНА ПУБЛИКАЦИИ ИЛИ ПРОИЗВОДСТВА
Страна публикации российская федерация
105 ## - ПОЛЕ КОДИРОВАННЫХ ДАННЫХ: ТЕКСТОВЫЕ МАТЕРИАЛЫ, МОНОГРАФИЧЕСКИЕ
Кодированные данные о монографическом текстовом документе a |||||||||
200 1# - ЗАГЛАВИЕ И СВЕДЕНИЯ ОБ ОТВЕТСТВЕННОСТИ
Основное заглавие Театральная улица
Параллельное заглавие The Theatre street
Сведения, относящиеся к заглавию Воспоминания
Первые сведения об ответственности Тамара Карсавина
Последующие сведения об ответственности [Пер. с англ. И.Э. Балод]
Язык параллельного заглавия английский
210 ## - ПУБЛИКАЦИЯ, РАСПРОСТРАНЕНИЕ И ДР.
Место издания, распространения и т.д. М.
Имя издателя, распространителя и т. д. Центрполиграф
Дата издания, распространения и т.д. 2004
215 ## - ФИЗИЧЕСКАЯ ХАРАКТЕРИСТИКА
Специфическое обозначение материала и объем 317, [2] с., [4] л. ил.
Размеры 20
300 ## - ОБЩИЕ ПРИМЕЧАНИЯ
Текст примечания Авт. также на англ. яз.: Tamara Karsavina
510 0# - ПАРАЛЛЕЛЬНОЕ ЗАГЛАВИЕ
Параллельное заглавие The Theatre street
Язык заглавия английский
600 #1 - ИМЯ ЛИЦА КАК ПРЕДМЕТ
Начальный элемент ввода Карсавина
Часть имени, кроме начального элемента ввода Т.П.
Даты 1885 - 1978
Расширение инициалов личного имени Тамара Платоновна
Формальный подзаголовок Воспоминания, записки и т.п.
Системный номер авторитетной/нормативной записи 1259320
Идентификатор авторитетной/нормативной записи RU\NLR\auth\66516784
606 0# - НАИМЕНОВАНИЕ ТЕМЫ КАК ПРЕДМЕТ
Наименование темы Балет русский
Формальный подзаголовок Воспоминания, записки и т.п.
Хронологический подзаголовок 19 - 20 вв.
Системный номер авторитетной/нормативной записи 1076774
Идентификатор авторитетной/нормативной записи RU\NLR\auth\66101550
686 ## - ИНДЕКСЫ ДРУГИХ КЛАССИФИКАЦИЙ
Индекс Щ335.423(2Р=Рус)53,1
686 ## - ИНДЕКСЫ ДРУГИХ КЛАССИФИКАЦИЙ
Индекс Щ335.423(2Р=Рус)53-86Карсавина
700 #1 - ИМЯ ЛИЦА - ПЕРВИЧНАЯ ОТВЕТСТВЕННОСТЬ
Код отношения Автор
Материалы, к которым относится поле rus
Графика поля Кириллица
Начальный элемент ввода Карсавина
Часть имени, кроме начального элемента ввода Т.П.
Даты 1885-1978
Расширение инициалов личного имени Тамара Платоновна
Идентификатор авторитетной/нормативной записи RU\NLR\auth\771464
Системный номер авторитетной/нормативной записи 111489
801 #0 - ИСТОЧНИК ЗАПИСИ
Страна российская федерация
Организация NLR
Дата составления 20040917
Правила каталогизации PSBO
801 #1 - ИСТОЧНИК ЗАПИСИ
Страна российская федерация
Организация NLR
Дата составления 20040917
942 ## - ДОПОЛНИТЕЛЬНЫЕ ЭЛЕМЕНТЫ ЗАПИСИ (АБИС)
Тип экземпляра АБИС Книга
980 ## - КОЛЛЕКЦИЯ
Название коллекции Национальная библиография
Экземпляры
Тип экземпляра Дата поступления Источник поступления Библиотека постоянного хранения Библиотека текущего хранения Место хранения Шифр хранения Штрих-код Статус не для выдачи Стоимость
Книга 17.09.2004 Обязательный экземпляр РНБ (Московский) РНБ (Московский) Русский книжный фонд: издания с 1957 года, 3этаж 2004-3/19473 1-2841781    
Книга 17.09.2004 Обязательный экземпляр РНБ (Московский) РНБ (Московский) Русский книжный фонд: издания с 1957 года, 3этаж 2004-3/19473 753488    
Книга 09.11.2004 Покупка РНБ (Московский) РНБ (Московский) Фонд общего зала литературы по филологии, педагогике и искусству (гуманитарной литературы) Л1 Щ335.42/К-269 1-524162   115.00
Книга 21.12.2004 Покупка РНБ (Московский) РНБ (Московский) Выбыл из РНБ в другие организации (Обменный фонд)   816820   118.00
Книга 21.12.2004 Покупка РНБ (Московский) РНБ (Московский) Обменный фонд, отказ фонда   816823   118.00
Книга 21.12.2004 Покупка РНБ (Московский) РНБ (Московский) Обменный фонд, отказ фонда   816824   118.00
Книга 21.12.2004 Покупка РНБ (Московский) РНБ (Московский) Обменный фонд, отказ фонда   816825   118.00
Книга 09.11.2004 Покупка РНБ (Садовая) РНБ (Садовая) Фонд научного зала литературы и искусства Л2 Щ335.423(2)/К-269к 1-132616   115.00
Книга 21.12.2004 Подсобные фонды РНБ РНБ (Садовая) РНБ (Садовая) Фонд международного книгообмена   816822   118.00
Книга 09.11.2004 Покупка РНБ (Фонтанка) РНБ (Фонтанка) Юношеский читальный зал Ю Щ33(2)-8Карсавина/К-26 1-184871   115.00